| 000 | 00561nam a2200193 4500 | ||
|---|---|---|---|
| 001 | 136732 | ||
| 003 | ES-MaACL | ||
| 005 | 20230906195219.0 | ||
| 007 | t| | ||
| 008 | 070214s1986 sp r ||||1| spa d | ||
| 100 | 1 |
_aSaladrigas, Robert. _9101699 |
|
| 245 | 1 | 0 |
_aPor el camino real del norte / _cRoberto Saladrigas. |
| 260 |
_aMadrid : _bAlfaguara, _c1986. |
||
| 300 |
_a167 p. ; _c20 cm. |
||
| 490 | 1 |
_aLiteratura Alfaguara ; _v197 |
|
| 830 | 0 |
_aLiteratura Alfaguara ; _v197 _9178100 |
|
| 852 |
_aES-MaACL _jL-11278 _bR.112401 |
||
| 999 |
_c136732 _d136732 |
||